000 00505nam a2200229Ia 4500
003 IT-RoPAU
008 120407s9999 xx 000 0 und d
040 _aIT-RoPAU
040 _cIT-RoPAU
041 _aita
100 _aArturo Assante
245 _aIl giornale. La libertà di stampa e il giornalismo.
250 _aNapoli
260 _aMorano
260 _c1949
300 _a245 p.
300 _c22 cm
490 _a1. Libertà di stampa.
490 _v1
942 _cBK
999 _c30177
_d30177